[Event "WYb16"]
[Site "Kemer TUR"]
[Date "2007.11.27"]
[Round "10"]
[White "Kharchenko,B"]
[Black "Chirila,I"]
[Result "1/2-1/2"]
[WhiteElo "2427"]
[BlackElo "2423"]

1.e4 c5 2.c3 Nf6 3.e5 Nd5 4.d4 cxd4 5.Nf3 e6 6.cxd4 d6 7.a3 Bd7 8.Bd3 Bc6
9.O-O Nd7 10.b4 a6 11.Re1 Be7 12.Nbd2 dxe5 13.dxe5 Nc3 14.Qc2 Rc8 15.Qxc3 Bxf3
16.Qd4 Bc6 17.Ne4 Nxe5 18.Qxe5 Qxd3 19.Qxg7 Rf8 20.Qxh7 Qd4 21.Bh6 Rh8 22.Qg7 Qxg7
23.Bxg7 Rg8 24.Be5 f5 25.Ng3 Kf7 26.Rad1 Ra8 27.f3 a5 28.Bd6 Bh4 29.Rd4 Bxg3
30.hxg3 axb4 31.axb4 Bd5 32.Be5 Rac8 33.Re2 Rc4 34.Rxc4 Bxc4 35.Rd2 Bd5 36.Rc2 Bc6
37.Rb2 Bb5 38.Rc2 Bc6 39.Rb2 Bb5 40.Rc2  1/2-1/2

[Event "WYb14"]
[Site "Kemer TUR"]
[Date "2007.11.28"]
[Round "11"]
[White "Stukopin,A"]
[Black "Farid,F"]
[Result "1-0"]
[WhiteElo "2356"]
[BlackElo "2142"]

1.e4 c5 2.c3 Nf6 3.e5 Nd5 4.d4 cxd4 5.Nf3 Nc6 6.cxd4 d6 7.Bc4 dxe5 8.Nxe5 e6
9.O-O Be7 10.Bb5 Bd7 11.Bxc6 Bxc6 12.Nd2 Rc8 13.Qb3 Nb6 14.Qg3 O-O 15.Nxc6 Rxc6
16.Nf3 Bf6 17.Bf4 Qd5 18.b3 Rfc8 19.Rae1 Qf5 20.Be5 Rc2 21.d5 Rxa2 22.Nd4 Qg6
23.dxe6 Bxe5 24.Qxe5 fxe6 25.Qxe6+ Qf7 26.Qe5 Kh8 27.Nf5 Rg8 28.Nd6 Qg6  1-0

[Event "20th Belgrade Trophy"]
[Site "Belgrade SRB"]
[Date "2007.11.30"]
[Round "9"]
[White "Baratosi,D"]
[Black "Nestorovic,De"]
[Result "0-1"]
[WhiteElo "2448"]
[BlackElo "2403"]

1.e4 c5 2.c3 Nf6 3.e5 Nd5 4.d4 cxd4 5.Nf3 e6 6.cxd4 d6 7.Bc4 Be7 8.O-O O-O
9.Qe2 Nc6 10.Re1 dxe5 11.dxe5 b6 12.Nc3 Nxc3 13.bxc3 Bb7 14.Bd3 Qd5 15.Rd1 Qa5
16.Qe4 g6 17.Bh6 Rfd8 18.Qf4 Qxc3 19.Be4 Nd4 20.Nxd4 Rxd4 21.Bxb7 Rxf4 22.Bxa8 Rd4
23.Rdc1 Qd3 24.Rc8+ Rd8 25.Rac1 Qd7 26.Rxd8+ Qxd8 27.Bb7 Bc5 28.g3 g5 29.Bf3 Qd4
30.Rf1 Qxe5  0-1

[Event "Four Nations Jr Teams"]
[Site "Oslo NOR"]
[Date "2007.11.30"]
[Round "1"]
[White "Haarr,J"]
[Black "Akdag,D"]
[Result "1-0"]
[WhiteElo "1922"]
[BlackElo "2042"]

1.e4 c5 2.c3 Nf6 3.e5 Nd5 4.d4 cxd4 5.Nf3 e6 6.cxd4 d6 7.exd6 Bxd6 8.Nc3 O-O
9.Bd3 Nf4 10.O-O Nxd3 11.Qxd3 Be7 12.Re1 Nc6 13.Bf4 b6 14.Rad1 Bb7 15.a3 Rc8
16.d5 exd5 17.Nxd5 Bf6 18.Qf5 Bxb2 19.Bg5 f6 20.Nxf6+ Bxf6 21.Rxd8 Rcxd8
22.Qe6+ Kh8 23.Bxf6 Rxf6 24.Qe8+ Rf8 25.Qh5 h6 26.Ng5 Rd2 27.Nf7+ Kg8 28.Nxh6+ Kh7
29.Nf7+ Kg8 30.Ng5  1-0

[Event "Open"]
[Site "Rijeka CRO"]
[Date "2007.11.30"]
[Round "7"]
[White "Stefan,Ma"]
[Black "Valenti,G"]
[Result "0-1"]
[WhiteElo "2057"]
[BlackElo "2207"]

1.e4 c5 2.c3 Nf6 3.e5 Nd5 4.d4 cxd4 5.Nf3 d6 6.cxd4 Nc6 7.Bc4 Nb6 8.Bb5 dxe5
9.Nxe5 Bd7 10.Bxc6 Bxc6 11.Nxc6 bxc6 12.O-O e6 13.Nc3 Be7 14.Qg4 O-O 15.Bh6 Bf6
16.Rad1 Kh8 17.Bf4 Nd5 18.Be5 Nxc3 19.bxc3 Bxe5 20.dxe5 Qa5 21.Qe4 Qxa2 22.Qxc6 Rac8
23.Qb7 a5 24.Ra1 Qc4 25.Rxa5 Qxc3 26.Rb5 Rc7 27.Qb6 Ra8 28.h3 h6 29.Qd6 Qc2
30.Rb4 Qc3 31.Rd4 Ra5 32.Re4 Rd5 33.Qf8+ Kh7 34.Rfe1 Qd2 35.R4e2 Rc1 36.Kf1 Qf4
37.Qb8 Qh2 38.f3 Rxe1+ 39.Rxe1 Qh1+ 40.Kf2 Rd2+ 41.Re2 Rxe2+ 42.Kxe2 Qxg2+
43.Ke3 Qxh3 44.Qb1+ Qf5  0-1

[Event "Four Nations Jr Teams"]
[Site "Oslo NOR"]
[Date "2007.12.01"]
[Round "2"]
[White "Haarr,J"]
[Black "Slikas,L"]
[Result "0-1"]
[WhiteElo "1922"]
[BlackElo "1958"]

1.e4 c5 2.c3 Nf6 3.e5 Nd5 4.d4 cxd4 5.Nf3 Nc6 6.cxd4 d6 7.exd6 Qxd6 8.Nc3 Nxc3
9.bxc3 Bg4 10.Be2 e6 11.h3 Bh5 12.O-O Be7 13.Qb3 b6 14.Qb5 Bxf3 15.Bxf3 Rc8
16.Ba3 Qxa3 17.Bxc6+ Kf8 18.c4 Qd6 19.d5 Bf6 20.Rad1 Rc7 21.Rfe1 g6 22.Ba8 Qd8
23.Qb4+ Kg7 24.Bc6 Qc8 25.a4 Rd8 26.a5 Qb8 27.Rb1 Bd4 28.axb6 axb6 29.Re4 Bc5
30.Qb2+ Kg8 31.Ra1 Ra7 32.Rxa7 Qxa7 33.g3 Qc7 34.Kh2 Qd6 35.Rf4 e5 36.Re4 Bd4
37.Qe2 f5 38.Rh4 e4 39.Qd2 Bf6 40.Rh6 Kg7 41.Kg2 f4 42.Rh4 Bxh4 43.gxh4 Qf6
44.Qc2 f3+ 45.Kh2 Qf4+ 46.Kg1 Qxh4 47.Qb2+ Kh6 48.Kh2 Qf4+  0-1

[Event "TCh-BEL 2007-8"]
[Site "Belgium BEL"]
[Date "2007.12.02"]
[Round "5"]
[White "Van Beers,E"]
[Black "Swinkels,R"]
[Result "1/2-1/2"]
[WhiteElo "2368"]
[BlackElo "2427"]

1.e4 c5 2.c3 Nf6 3.e5 Nd5 4.d4 cxd4 5.Nf3 d6 6.cxd4 e6 7.Bc4 Nc6 8.O-O Be7
9.exd6 Qxd6 10.Nc3 O-O 11.Re1 Rd8 12.Bb3 Bd7 13.Nxd5 exd5 14.Ne5 Bf6 15.Bf4 Qb4
16.Nxf7 Re8 17.Rxe8+ Bxe8 18.Nd6 Nxd4 19.Bxd5+ Kh8 20.Qe1 Qxb2 21.Rb1 Qe2
22.Bxb7 Rd8 23.Kh1 Bg6 24.Be4 Bxe4 25.Nxe4 Qxa2 26.Nxf6  1/2-1/2

[Event "TCh-BEL 2007-8"]
[Site "Belgium BEL"]
[Date "2007.12.02"]
[Round "5"]
[White "Henris,L"]
[Black "Litwak,A"]
[Result "0-1"]
[WhiteElo "2284"]
[BlackElo "2284"]

1.e4 c5 2.c3 Nf6 3.e5 Nd5 4.d4 cxd4 5.Nf3 e6 6.Qxd4 Nc6 7.Qe4 f5 8.Qe2 Qc7
9.g3 b5 10.Bg2 a5 11.O-O Ba6 12.Rd1 Be7 13.Bg5 O-O 14.Bxe7 Ncxe7 15.Nbd2 a4
16.Rac1 b4 17.c4 a3 18.Nb1 Nb6 19.b3 Bb7 20.Qd2 Qc5 21.Qd4 Ra5 22.Qxc5 Rxc5
23.Ne1 Bxg2 24.Nd3 Ra5 25.Kxg2 Nc6 26.f4 Rd8 27.Ne1 Nc8 28.Rd2 d6 29.Rcd1 d5
30.cxd5 Raxd5 31.Nc2 Nb6 32.Ne3 Rxd2+ 33.Rxd2 Rxd2+ 34.Nxd2 Nd7 35.Nd1 Nc5
36.Nf3 Nxb3 37.Ng5 Ncd4 38.Ne3 Nc1  0-1

[Event "Parsvnath ch-Commonwealth"]
[Site "New Delhi IND"]
[Date "2007.12.03"]
[Round "2"]
[White "Anjana Krishna,S"]
[Black "Greef,M"]
[Result "0-1"]
[WhiteElo "1802"]
[BlackElo "2025"]

1.e4 c5 2.c3 Nf6 3.e5 Nd5 4.d4 e6 5.Nf3 cxd4 6.cxd4 Nc6 7.Nc3 d6 8.Nxd5 exd5
9.exd6 Bxd6 10.Be2 Bf5 11.O-O O-O 12.Be3 Nb4 13.Qb3 Rc8 14.Qd1 Re8 15.Bb5 Re6
16.Ba4 Rg6 17.a3 Nd3 18.Qd2 Be4 19.Bd1 Qc7 20.g3 Nf4 21.Rc1 Qxc1 22.Qxc1 Rxc1
23.Bxc1 Nh3+ 24.Kg2 Bf4 25.Bxf4 Nxf4+ 26.Kg1 Nd3 27.Nh4 Rc6 28.f3 Bg6 29.Nxg6 hxg6
30.b3 Nb2 31.Kf2 Rc3 32.Ke2 Nxd1 33.Rxd1 Rxb3 34.Rd3 Rb2+ 35.Rd2 Rxd2+ 36.Kxd2 Kf8
37.Kc3 a5 38.a4 Ke7 39.g4 g5 40.Kd3 Kd6 41.Ke3 Kc6 42.Kd3 b5 43.Kc3 bxa4
44.Kb2 Kb5 45.Kc3 a3 46.Kb3 a2 47.Kxa2 Kc4 48.Ka3 Kxd4 49.Ka4 Ke3 50.Kxa5  0-1

[Event "Parsvnath ch-Commonwealth"]
[Site "New Delhi IND"]
[Date "2007.12.03"]
[Round "2"]
[White "Kathmale,S"]
[Black "Sai,Sr"]
[Result "0-1"]
[WhiteElo "2099"]
[BlackElo "2302"]

1.e4 c5 2.c3 Nf6 3.e5 Nd5 4.g3 Nc6 5.Bg2 Qc7 6.f4 e6 7.Nf3 d6 8.O-O Be7 9.d4 cxd4
10.cxd4 O-O 11.Kh1 Bd7 12.Nc3 Nxc3 13.bxc3 Na5 14.Ba3 Qxc3 15.Qc1 Qxc1 16.Rfxc1 Rfc8
17.exd6 Bf8 18.Ne5 Bb5 19.d7 Rxc1+ 20.Rxc1 Nc6 21.Bxf8 Kxf8 22.Bxc6 Bxc6+
23.Nxc6 bxc6 24.Rxc6 Rd8 25.Rc7 a5 26.Ra7 Ke7 27.Rxa5 Rxd7 28.Ra4 Rc7 29.Kg2 Rc2+
30.Kh3 h5 31.Ra7+ Kf6 32.a3 Rc4 33.a4 Rxd4 34.a5 Rd2 35.a6 Ra2 36.Ra8 g6
37.Ra7 Kg7 38.Ra8 Kh7 39.Ra7 Kg8 40.Ra8+ Kg7 41.a7 Kf6 42.g4 hxg4+ 43.Kxg4 Ra4
44.Kf3 Kf5 45.Ke3 Kg4 46.h4 Kf5 47.h5 gxh5 48.Rh8 Ra3+ 49.Kd4 Rxa7 50.Rxh5+ Kxf4
51.Rh4+ Kg5 52.Rh1 Ra5 53.Rf1 f5 54.Rg1+ Kf6 55.Rg8 Ra4+ 56.Ke3 Ke5 57.Rb8 Ra3+
58.Ke2 f4 59.Rf8 Ke4 60.Rb8 Ra2+ 61.Ke1 e5 62.Rb5 f3 63.Rb8 Kf4 64.Kf1 e4
65.Rb4 Rd2 66.Ra4 Rb2 67.Ra8 Rb1+  0-1

[Event "Parsvnath ch-Commonwealth"]
[Site "New Delhi IND"]
[Date "2007.12.03"]
[Round "2"]
[White "Padsalgikar,B"]
[Black "Girish,A"]
[Result "0-1"]
[WhiteElo "1876"]
[BlackElo "2086"]

1.e4 c5 2.c3 Nf6 3.Qc2 Nc6 4.d3 d5 5.Nd2 e5 6.Ngf3 Be7 7.Be2 O-O 8.O-O h6
9.h3 Be6 10.Re1 d4 11.c4 Ne8 12.Nf1 Nd6 13.Ng3 f5 14.exf5 Nxf5 15.Ne4 b6
16.Bd2 Qd7 17.Qc1 Rf7 18.a3 Raf8 19.Rf1 Nd6 20.Nh2 Nxe4 21.dxe4 Bh4 22.f4 exf4
23.Bh5 Rf6 24.Ng4 Bxg4 25.Bxg4 Qd6 26.Bf5 g5 27.Be1 Bxe1 28.Qxe1 Ne5 29.b3 d3
30.Rd1 Qd4+ 31.Kh1 a5 32.Rd2 a4 33.Qd1 axb3 34.Qxb3 Qxc4 35.Rxd3 Qxb3 36.Rxb3 Nc4
37.Rd1 Ne3 38.Rd7 c4 39.Rb5 c3 40.Rc7 c2 41.Bh7+ Kh8 42.Bf5 Rd6 43.Rd5 Nxd5  0-1

[Event "Parsvnath ch-Commonwealth"]
[Site "New Delhi IND"]
[Date "2007.12.05"]
[Round "4"]
[White "Prakash,R"]
[Black "Ashwin,J"]
[Result "1/2-1/2"]
[WhiteElo "2286"]
[BlackElo "2478"]

1.e4 c5 2.c3 Nf6 3.e5 Nd5 4.d4 cxd4 5.Nf3 e6 6.cxd4 b6 7.Nc3 Nxc3 8.bxc3 Qc7
9.Bd2 d6 10.Bd3 Bb7 11.O-O Nd7 12.Re1 dxe5 13.Nxe5 Nxe5 14.Rxe5 Bd6 15.Rh5 g6
16.Rh3 O-O 17.Qg4 f5 18.Qe2 e5 19.Bh6 Rfe8 20.Bb5 Rec8 21.dxe5 Bxe5 22.Re1 Be4
23.f3 Bxc3 24.Rd1 Bc6 25.Qc4+ Qf7 26.Qxc6 Rxc6 27.Bxc6 Re8 28.Bxe8 Qxe8 29.f4 Bd4+
30.Kh1 b5 31.Rhd3 Bf6 32.Bg5 Bxg5 33.fxg5 Kf7 34.Rd7+ Ke6 35.R7d6+ Kf7 36.Rf6+ Kg7
37.Ra6 Qe3 38.h4 Qf2 39.Rd7+ Kf8 40.Rxh7 Qf1+ 41.Kh2 Qf4+ 42.Kg1 Qe3+ 43.Kf1 Qd3+
44.Kf2 Qd2+  1/2-1/2

[Event "Parsvnath ch-Commonwealth"]
[Site "New Delhi IND"]
[Date "2007.12.05"]
[Round "5"]
[White "Smerdon,D"]
[Black "Abhay,T"]
[Result "1-0"]
[WhiteElo "2466"]
[BlackElo "2237"]

1.e4 c5 2.c3 Nf6 3.e5 Nd5 4.Nf3 Nc6 5.d4 cxd4 6.cxd4 d6 7.Bc4 Nb6 8.Bb3 dxe5
9.d5 Na5 10.Nc3 Nxb3 11.Qxb3 e6 12.Nxe5 Bd6 13.Qb5+ Bd7 14.Nxd7 Qxd7 15.dxe6 Qxb5
16.Nxb5 Bb4+ 17.Ke2 O-O 18.exf7+ Rxf7 19.Be3 Nc4 20.Rac1 Nxe3 21.fxe3 a6
22.Nd4 Bd6 23.h3 Be5 24.Rhd1 Re8 25.b3 g6 26.Rc5 Bg3 27.Rd2 Bf4 28.Rd3 Bg3
29.Rd2 Rfe7 30.Nc2 Rf8 31.Rcd5 Rf2+ 32.Kd3 Rf1 33.Rg5 Be5 34.Nd4 Bg7 35.Rg4 Ref7
36.Re4 Rd7 37.Rc2 Bf6 38.Ke2 Rg1 39.Kf2 Ra1 40.Nf3 Kg7 41.g4 Rf7 42.Rf4 h6
43.h4 Rh1 44.Kg2 Ra1 45.Rfc4 Bd8 46.h5 gxh5 47.gxh5 Bb6 48.Rg4+ Kh7 49.e4 Rc7
50.Rd2 Ba5 51.Re2 Rac1 52.e5 R1c2 53.Re4 Rg7+ 54.Kh3 Rc3 55.R4e3 Rc1 56.Rg2 Rh1+
57.Nh2 Re7 58.Rg6 Bc7 59.Kg2 Ra1 60.Ng4 Rf7 61.Nf6+ Kh8 62.Reg3 Rxa2+ 63.Kf3  1-0

[Event "Parsvnath ch-Commonwealth"]
[Site "New Delhi IND"]
[Date "2007.12.06"]
[Round "6"]
[White "Smerdon,D"]
[Black "Sai,Sr"]
[Result "1-0"]
[WhiteElo "2466"]
[BlackElo "2302"]

1.e4 c5 2.c3 Nf6 3.e5 Nd5 4.Nf3 Nc6 5.d4 cxd4 6.cxd4 e6 7.a3 d6 8.Bd3 Be7
9.O-O h6 10.Nbd2 dxe5 11.Nxe5 O-O 12.Ndf3 Nf6 13.Be3 Nd5 14.Bc1 Nf6 15.Re1 Bd6
16.Nxc6 bxc6 17.Ne5 Qb6 18.Be3 Nd5 19.b4 Bxe5 20.dxe5 Nxe3 21.Rxe3 Rd8 22.Qh5 Ba6
23.Be4 Rd2 24.Rc1 Rad8 25.h3 Bb5 26.Rc5 R8d7 27.Rg3 Kf8 28.Qg4 g6 29.Bxg6 fxg6
30.Qxg6 Rd1+ 31.Kh2 Rf7 32.Qxe6 Qd8 33.Qxh6+ Ke7 34.e6 Rf6 35.Rg7+ Kd6 36.Qg5 Rd5
37.Rd7+  1-0

[Event "ch-GRE"]
[Site "Igoumenitsa GRE"]
[Date "2007.12.07"]
[Round "7"]
[White "Hadzimanolis,A"]
[Black "Kotronias,V"]
[Result "0-1"]
[WhiteElo "2329"]
[BlackElo "2614"]

1.e4 c5 2.c3 Nf6 3.e5 Nd5 4.d4 cxd4 5.cxd4 d6 6.Nf3 Nc6 7.Bc4 Nb6 8.Bb5 dxe5
9.Nxe5 Bd7 10.Nxd7 Qxd7 11.Nc3 e6 12.O-O Be7 13.Qg4 O-O 14.Bxc6 bxc6 15.Bh6 Bf6
16.Rad1 Kh8 17.Ne4 Qd8 18.Bf4 Nd5 19.Be5 Bxe5 20.dxe5 Qb8 21.Qh5 Nf4 22.Qg5 Ng6
23.f4 Qxb2 24.Qh5 Qc2 25.Rde1 Rab8 26.Rf2 Qd3 27.Ng5 h6 28.f5 Nxe5 29.fxe6 Qc3
30.Ref1 f6 31.e7 Rfe8 32.Rxf6 Qe3+ 33.Kh1 Qxg5 34.Rf8+ Kh7 35.Qxe8 Rxe8 36.Rxe8 Kg6
37.h3 Qh4 38.Kg1 Qd4+  0-1

[Event "Parsvnath ch-Commonwealth"]
[Site "New Delhi IND"]
[Date "2007.12.08"]
[Round "8"]
[White "Abhishek,D"]
[Black "Rohit,G"]
[Result "1-0"]
[WhiteElo "2383"]
[BlackElo "2491"]

1.e4 c5 2.c3 Nf6 3.e5 Nd5 4.d4 cxd4 5.Nf3 e6 6.cxd4 d6 7.Bc4 Nb6 8.Bd3 Nc6
9.O-O Be7 10.Nc3 O-O 11.Qe2 Nd5 12.Rd1 Nxc3 13.bxc3 dxe5 14.dxe5 Qc7 15.h4 Rd8
16.Bg5 Bd7 17.Qe4 Bxg5 18.Qxh7+ Kf8 19.hxg5 Nxe5 20.Nd4 Ke7 21.Qxg7 Ng4 22.g3 Rg8
23.Nf5+ exf5 24.Re1+ Be6 25.Rxe6+ Kxe6 26.Re1+ Kd6 27.Qd4+ Kc6 28.Bxf5 Qa5
29.Qc4+ Kd6 30.Rd1+  1-0

[Event "TCh-HUN 2007-8"]
[Site "Budapest HUN"]
[Date "2007.12.09"]
[Round "4"]
[White "Dovzik,J"]
[Black "Medvegy,N"]
[Result "1-0"]
[WhiteElo "2375"]
[BlackElo "2369"]

1.e4 c5 2.c3 Nf6 3.e5 Nd5 4.Nf3 e6 5.Bc4 d6 6.O-O Nc6 7.d4 cxd4 8.cxd4 Be7
9.Qe2 O-O 10.a3 Qb6 11.Rd1 Na5 12.Bxd5 exd5 13.Nc3 Be6 14.Bg5 Bxg5 15.Nxg5 h6
16.Nf3 Nb3 17.Rab1 Rac8 18.Qd3 Rc4 19.exd6 Rd8 20.d7 a5 21.Qe3 Kf8 22.Re1 Nxd4
23.Ne5 Qc5 24.Nxc4 Qxc4 25.b3 Nxb3 26.Qb6 Rxd7 27.Qxb3 Qxb3 28.Rxb3 d4 29.Rxe6 fxe6
30.Ne4 Rc7 31.Kf1 Rc1+ 32.Ke2 Ra1 33.Nc5 Ke7 34.Rxb7+ Kd6 35.Ne4+ Kd5 36.Rb5+ Kc4
37.Rc5+ Kb3 38.Rxa5 Kc4 39.Nd2+ Kc3 40.Rc5+ Kb2 41.h4 Rh1 42.g3 Kxa3 43.Re5  1-0

[Event "Parsvnath ch-Commonwealth"]
[Site "New Delhi IND"]
[Date "2007.12.09"]
[Round "9"]
[White "Joshi,GB"]
[Black "Girish,A"]
[Result "1-0"]
[WhiteElo "2246"]
[BlackElo "2086"]

1.e4 c5 2.c3 Nf6 3.e5 Nd5 4.d4 cxd4 5.Nf3 e6 6.cxd4 d6 7.a3 Nc6 8.Bc4 Be7
9.O-O O-O 10.Re1 Bd7 11.Nbd2 Rc8 12.b4 Re8 13.Qb3 dxe5 14.dxe5 Nf4 15.Bb2 Qb6
16.Bf1 Red8 17.Nc4 Qc7 18.Rac1 Be8 19.Qe3 Nd5 20.Qe4 b5 21.Bd3 g6 22.Nd6 Bxd6
23.exd6 Qxd6 24.Bxb5 Qf4 25.Qxf4 Nxf4 26.Bf6 Rd5 27.Ba6 Rb8 28.b5 Rbxb5 29.Bxb5 Rxb5
30.Rb1 Rxb1 31.Rxb1 Nd5 32.Ba1 f6 33.Nd4 Nxd4 34.Bxd4 a6 35.Rb8 Kf7 36.Rb7+ Kg8
37.f4 h5 38.g3 Bb5 39.Kf2 Kf8 40.Ra7 Kg8 41.Kf3 Kf8 42.Ke4 Kg8 43.Ba1 Kf8
44.Kd4 Ne7 45.Kc5 Nf5 46.Bxf6 Ke8 47.Kb4 Kf8 48.a4 Bf1 49.Kc5 Ke8 50.a5 Bb5
51.Kb6 Nd6 52.Rxa6 Bxa6 53.Kxa6 Kd7 54.Be5 Nc4 55.Kb5 Na3+ 56.Kc5 Kc8 57.a6 Nc2
58.Bd6 Ne3 59.Kc6 Nc2 60.a7 Nd4+ 61.Kb6 Kd7 62.Be5  1-0

[Event "Parsvnath ch-Commonwealth"]
[Site "New Delhi IND"]
[Date "2007.12.10"]
[Round "10"]
[White "Kathmale,S"]
[Black "Eshwanth,D"]
[Result "1/2-1/2"]
[WhiteElo "2099"]
[BlackElo "1801"]

1.e4 c5 2.c3 Nf6 3.e5 Nd5 4.g3 d6 5.exd6 e6 6.Bg2 Bxd6 7.Nf3 O-O 8.O-O Nc6
9.d4 cxd4 10.cxd4 Qc7 11.Nc3 Nxc3 12.bxc3 h6 13.Re1 Rd8 14.Bd2 Bd7 15.Rb1 Rab8
16.Qe2 Qa5 17.c4 Qxa2 18.Qd3 Na5 19.Bf1 Bc6 20.Nh4 Nxc4 21.Bc3 Na3 22.Ra1 Qb3
23.Qd2 a6 24.f4 Nb5 25.Ba5  1/2-1/2

[Event "Parsvnath ch-Commonwealth"]
[Site "New Delhi IND"]
[Date "2007.12.10"]
[Round "10"]
[White "Smerdon,D"]
[Black "Soumya,Sw"]
[Result "1-0"]
[WhiteElo "2466"]
[BlackElo "2244"]

1.e4 c5 2.c3 Nf6 3.e5 Nd5 4.Nf3 e6 5.d4 cxd4 6.cxd4 d6 7.Bc4 Nb6 8.Bd3 Nc6
9.a3 Nd7 10.exd6 Bxd6 11.O-O O-O 12.Nc3 Nf6 13.Qe2 h6 14.Be3 Nd5 15.Bc2 Nce7
16.Qd3 Nf6 17.Rad1 Ned5 18.Ne4 Nxe4 19.Qxe4 f5 20.Qd3 Qf6 21.Rfe1 b6 22.Bd2 Bb7
23.Ne5 Rfc8 24.Bb3 Rc7 25.Re2 Re7 26.Rde1 a6 27.Qf3 Rae8 28.Qh5 Bxe5 29.Rxe5 Qf7
30.Qh4 Rd7 31.h3 Nc7 32.R1e3 f4 33.Re1 Rxd4 34.Bc3 Rd7 35.Qg4 Bd5 36.Bc2 Red8
37.Bg6 Qf8 38.f3 Qc5+ 39.Kh2 Qf2 40.Qxf4 Rf8 41.Bh7+ Kxh7 42.Qxf8 Nb5 43.Rxd5  1-0

[Event "Parsvnath ch-Commonwealth"]
[Site "New Delhi IND"]
[Date "2007.12.10"]
[Round "10"]
[White "Fenil,S"]
[Black "Debashis,D"]
[Result "1/2-1/2"]
[WhiteElo "2124"]
[BlackElo "2286"]

1.e4 c5 2.c3 Nf6 3.e5 Nd5 4.d4 cxd4 5.Nf3 e6 6.cxd4 b6 7.Nc3 Nxc3 8.bxc3 Qc7
9.Bd2 Bb7 10.Bd3 d6 11.O-O Nd7 12.Ng5 dxe5 13.Qh5 g6 14.Qh3 Be7 15.Rae1 Bxg5
16.Bxg5 f5 17.Qh6 Kf7 18.dxe5 Qc6 19.Qh3 h6 20.Bf4 Nc5 21.Bc2 Ba6 22.Qh4 Nd7
23.Rd1 Bxf1 24.Rxd7+ Qxd7 25.Qf6+ Kg8 26.Qxg6+ Qg7 27.Qxe6+ Qf7 28.Qc6 Kg7
29.e6 Qf6 30.Qd7+ Kg8 31.Bb3 Qg7 32.e7+ Kh7 33.Kxf1 Rhe8 34.Bd6 Qf6 35.Bc2 Kg6
36.f4 h5 37.Bb4 a5 38.Bd6 a4 39.a3 Kf7 40.Bxf5 Ra5 41.Be4 Rxe7 42.Bxe7 Qxe7
43.Qd3 Qxa3 44.Qc4+ Kf6 45.Qc6+ Ke7 46.Qc7+ Kf8 47.Qd8+ Kg7 48.Qd7+ Kf8 49.Qd8+ Kg7  1/2-1/2

[Event "ch-Central Serbia"]
[Site "Vrnjacka Banja SRB"]
[Date "2007.12.12"]
[Round "4"]
[White "Savic,Miod1"]
[Black "Chelushkina,I"]
[Result "1-0"]
[WhiteElo "2539"]
[BlackElo "2351"]

1.e4 c5 2.c3 Nf6 3.e5 Nd5 4.Nf3 e6 5.g3 d6 6.Bg2 Nc6 7.exd6 Bxd6 8.O-O O-O
9.d4 a5 10.dxc5 Bxc5 11.Nbd2 h6 12.Ne4 Be7 13.Nd4 Qb6 14.Nxc6 Qxc6 15.a4 Qa6
16.Re1 Rd8 17.Qb3 Bd7 18.Nd2 Bc6 19.Nc4 Bc5 20.Ne5 Be8 21.Qc4 Qxc4 22.Nxc4 Rdc8
23.Ne5 Rd8 24.Bf1 Nb6 25.b3 Nd5 26.Bd2 Nf6 27.Rad1 Rd5 28.Nd3 Bb6 29.c4 Rdd8
30.Bf4 g5 31.Bc1 Bc6 32.Ne5 Rxd1 33.Rxd1 Ne4 34.Nxc6 bxc6 35.Kg2 Nxf2 36.Rd6 Rc8
37.Rd7 Ne4 38.Rb7 Bd4 39.b4 axb4 40.Rxb4 Nc5 41.Bd2 e5 42.g4 e4 43.a5 Re8
44.Be2 Nd3 45.Rb7 Nf4+ 46.Kf1 Bc5 47.Bb4 Bxb4 48.Rxb4 Ra8 49.Ra4 Ne6 50.Ra3 Nc5
51.Kf2 Kf8 52.Ke3 Ke7 53.Bf1 Kd6 54.Bg2 Ke5 55.h3 Ra7 56.Ra2 h5 57.Rf2 hxg4
58.hxg4 Rxa5 59.Rf5+ Kd6 60.Rf6+ Ne6 61.Rxf7 Ra4 62.Bxe4 Rxc4 63.Bf5 Nf4
64.Rg7 Nh3 65.Rh7 Ra4 66.Rxh3 Ra3+ 67.Bd3 c5 68.Ke4 c4 69.Bf1 c3 70.Bd3 Ra4+
71.Kf5 Ra5+ 72.Kf6 Ra2 73.Bf5 Ra3 74.Kxg5 Ke5 75.Rh8 Ra7 76.Re8+ Kd4 77.Rd8+ Ke5
78.Rc8 Kd4 79.Kf4 Ra1 80.Rd8+ Kc4 81.g5 Rf1+ 82.Ke5  1-0

[Event "KNSB TCh-NED 2007-8"]
[Site "Netherlands NED"]
[Date "2007.12.15"]
[Round "5"]
[White "Motwani,P"]
[Black "Van Haastert,E"]
[Result "1/2-1/2"]
[WhiteElo "2503"]
[BlackElo "2414"]

1.e4 c5 2.c3 Nf6 3.e5 Nd5 4.Nf3 e6 5.d4 cxd4 6.Bc4 d6 7.cxd4 Nc6 8.O-O Be7
9.Qe2 O-O 10.Nc3 Nxc3 11.bxc3 dxe5 12.dxe5 Qa5 13.Qe4 Qa4 14.Bg5 h6 15.Bxe7  1/2-1/2

[Event "ch-Central Serbia"]
[Site "Vrnjacka Banja SRB"]
[Date "2007.12.15"]
[Round "8"]
[White "Savic,Miod1"]
[Black "Vratonjic,S"]
[Result "1/2-1/2"]
[WhiteElo "2539"]
[BlackElo "2453"]

1.e4 c5 2.c3 Nf6 3.e5 Nd5 4.Nf3 e6 5.g3 d6 6.Bg2 Nc6 7.exd6 Bxd6 8.d4 cxd4
9.Nxd4 Nxd4 10.Qxd4 O-O 11.O-O Qc7 12.Nd2 Bd7 13.Ne4 Be5 14.Qc5 Qxc5 15.Nxc5 Bc6
16.Rd1 h6 17.Be3 Rfc8 18.Nb3 Nxe3 19.fxe3 a5 20.a4 Bxg2 21.Kxg2 Rc6 22.Rd2 h5
23.Rad1 Kh7 24.Rf2 f6 25.Rd7 b6 26.Nd4 Bxd4 27.exd4 Kg6 28.Re2 Rb8 29.Kh3 b5
30.d5 exd5 31.Ree7 bxa4 32.Rxg7+ Kh6 33.Rh7+ Kg6 34.Rdg7+ Kf5 35.Rxh5+ Ke6
36.Ra7 Rxb2 37.Rxa5 Rb3 38.Rhxd5 Rcxc3 39.Rh5 Rb2 40.Ra6+ Kf7 41.Rf5 Rcc2
42.Raxf6+ Ke7 43.Rf7+ Ke6 44.R5f6+ Ke5 45.Ra6 Rxh2+ 46.Kg4 Rb4+ 47.Rf4 Rxf4+
48.gxf4+ Kd5 49.Kg5 Rg2+ 50.Kf6 Ra2 51.f5 Kc4 52.Kf7 Kb3 53.Rb6+ Kc3 54.f6 Rf2
55.Rc6+ Kb2 56.Rb6+ Kc3 57.Ke7 a3 58.f7 Rxf7+ 59.Kxf7 a2 60.Ra6 Kb2  1/2-1/2

[Event "7th Amplico AIG Life"]
[Site "Warsaw POL"]
[Date "2007.12.15"]
[Round "1"]
[White "Vysochin,S"]
[Black "Veits,J"]
[Result "1-0"]
[WhiteElo "2524"]
[BlackElo "1809"]

1.e4 c5 2.c3 Nf6 3.e5 Nd5 4.Nf3 Nc6 5.Bc4 Nb6 6.Bb3 e6 7.d4 cxd4 8.cxd4 d6
9.Qe2 dxe5 10.dxe5 Be7 11.O-O Qc7 12.Nc3 a6 13.Bf4 O-O 14.Rac1 Nd7 15.Ne4 Rd8
16.h4 Qa5 17.Rfd1 Nf8 18.h5 Rxd1+ 19.Rxd1 Qc7 20.h6 g6 21.Bg5 b5 22.Qe3 Bb7
23.Bxe7 Qxe7 24.Qf4 Rd8 25.Rd6 Rd7 26.Qf6  1-0

[Event "7th Amplico AIG Life"]
[Site "Warsaw POL"]
[Date "2007.12.15"]
[Round "7"]
[White "Olszewski,Mi"]
[Black "Macieja,B"]
[Result "1-0"]
[WhiteElo "2424"]
[BlackElo "2606"]

1.e4 c5 2.c3 Nf6 3.e5 Nd5 4.Nf3 Nc6 5.Bc4 Nb6 6.Bb3 c4 7.Bc2 Qc7 8.Qe2 g5
9.h3 Bg7 10.O-O Nxe5 11.Nxg5 h6 12.Nf3 Nxf3+ 13.Qxf3 Qc6 14.Qg3 Bf6 15.d4 cxd3
16.Bxd3 d5 17.Na3 Nc4 18.Nc2 Qd6 19.Bxc4 dxc4 20.Qxd6 exd6 21.Re1+ Be6 22.Bf4 O-O-O
23.Rad1 Kc7 24.Kf1 a5 25.a4 Kc6 26.Na3 d5 27.Be5 Bxe5 28.Rxe5 Rhg8 29.f4 Rg3
30.Nxc4 Rdg8 31.Ne3 b6 32.Kf2 R3g7 33.Rh5 Rh7 34.f5 Bc8 35.Nxd5 Rgh8 36.Ne3 Rg8
37.Rh4 h5 38.Rc4+ Kb7 39.Rd6 h4 40.Rcc6 Rh5 41.Rxb6+ Ka7 42.Rb5 Rhg5 43.Rc6 Ka8
44.Rc7 f6 45.Rxa5+ Kb8 46.Rf7 R5g7 47.Raa7 Rxf7 48.Rxf7 Rd8 49.Rxf6 Rd2+
50.Kf3 Rxb2 51.Rg6 Bb7+ 52.Kg4 Re2 53.Re6 Bxg2 54.f6 Bf1 55.f7  1-0

[Event "TCh-HUN 2007-8"]
[Site "Budapest HUN"]
[Date "2007.12.16"]
[Round "5"]
[White "Borsos,B"]
[Black "Rigo,Ja"]
[Result "1-0"]
[WhiteElo "2338"]
[BlackElo "2286"]

1.e4 c5 2.c3 Nf6 3.e5 Nd5 4.d4 cxd4 5.Nf3 Qc7 6.Qxd4 e6 7.g3 Bc5 8.Qe4 f5
9.Qe2 b6 10.a3 Ba6 11.c4 Nc6 12.Nbd2 Rc8 13.Qd1 Nde7 14.Bg2 Nxe5 15.Nxe5 Qxe5+
16.Qe2 Qxe2+ 17.Kxe2 d5 18.b3 Bd4 19.Rb1 O-O 20.Re1 dxc4 21.Nxc4 b5 22.Nd6 b4+
23.Nc4 Rxc4 24.bxc4 Bxc4+ 25.Kd1 Bxf2 26.Rxb4 Rd8+ 27.Bd2 Bxe1 28.Kxe1 Bd5
29.Bxd5 Nxd5 30.Rb7 a6 31.Ra7 Rd6 32.a4 Rc6 33.Ke2 h6 34.Kd3 e5 35.Rd7 Nf6
36.Ra7 Rd6+ 37.Ke2 Nd5 38.Ba5 Kh7 39.Be1 Kg6 40.a5 Kf6 41.Kd3 Rc6 42.Rd7 Nc7
43.Bf2 Nb5 44.Rb7 g5 45.Rb6 e4+ 46.Kd2 Na7 47.Bd4+ Ke6 48.Bg7 h5 49.Bh6 Kf6
50.Ke3 Kg6 51.Bf8 Kf7 52.Bh6 Ke6 53.Bxg5 Kd5 54.Kf4 Nb5 55.Rxc6 Kxc6 56.Kxf5 Kd5
57.Kg6 Nd4 58.h4 Ne2 59.Kxh5 Nxg3+ 60.Kg4 Nf1 61.h5 Nh2+ 62.Kf5 Nf3 63.Be3 Nh4+
64.Kf6 Ng2 65.Bg5 e3 66.h6 e2 67.Bd2 Ke4 68.h7 Kd3 69.Bb4 Kc4 70.Bd2 Kd3
71.Bb4 Kc4 72.h8=Q Kxb4 73.Qb8+ Kc4 74.Qc7+ Kd3 75.Qd6+ Ke3 76.Qxa6 e1=Q
77.Qe6+ Kd2 78.Qxe1+ Kxe1 79.a6 Ne3 80.a7 Nd5+ 81.Ke5 Nb6 82.Kd4 Kd2 83.Kc5 Na8
84.Kc6  1-0

[Event "7th Amplico AIG Life"]
[Site "Warsaw POL"]
[Date "2007.12.16"]
[Round "9"]
[White "Vysochin,S"]
[Black "Vuilleumier,A"]
[Result "1-0"]
[WhiteElo "2524"]
[BlackElo "2315"]

1.e4 c5 2.c3 Nf6 3.e5 Nd5 4.Nf3 e6 5.Bc4 Nb6 6.Bb3 c4 7.Bc2 Nc6 8.O-O d6
9.exd6 Bxd6 10.d4 cxd3 11.Bxd3 O-O 12.Qe2 Nd5 13.Rd1 Qc7 14.Qe4 Nf6 15.Qh4 Ne5
16.Nxe5 Bxe5 17.Nd2 Bd7 18.Nc4 Bc6 19.f4  1-0

[Event "4th SICC Masters"]
[Site "Singapore SIN"]
[Date "2007.12.18"]
[Round "4"]
[White "Lim Yee Weng"]
[Black "Andador,R"]
[Result "1-0"]
[WhiteElo "2336"]
[BlackElo "2199"]

1.e4 c5 2.c3 Nf6 3.e5 Nd5 4.Nf3 b6 5.d4 cxd4 6.cxd4 e6 7.Nc3 Nxc3 8.bxc3 Bb7
9.Bd3 Be7 10.O-O O-O 11.Re1 Kh8 12.Bc2 d6 13.Qd3 g6 14.Bh6 Re8 15.exd6 Qxd6
16.Ne5 Kg8 17.Bf4 Qd8 18.Qh3 Bg5 19.Nxf7  1-0